000 00355 a2200169 4500
001 189852
020 _a978-85-65206-48-8
040 _cMagnum
100 _aFranco, Blandina
240 1 0 _aO livro dos tutus
_lpor
245 1 0 _aO livro dos tutus
300 _a30
362 0 _a2012
440 1 _aHedra
697 _aLITERATURA INFANTO
942 _cBK
999 _c189852
_d189852